00356nam a2200133Ia 4500008004100000020001800041041000800059082001000067100001700077245006500094250001700159260003800176300000800214230718s2005 xx 000 0 und d a81-8061-497-2 aeng a617.7 aAGARWAL AMAR aOBJECTIVELY STRUCTURED CLINICAL EXAMINATION IN OPHTHALMOLOGY a1st Edition  aNew DelhibJaypee Brothers c2005 a216